Türkiye ilaç sanayii sürdürülebilir büyüme önerileri (Kayıt no. 7515)

MARC ayrıntıları
000 -BAŞLIK
Sabit Uzunlukta Kontrol Alanı 00726na a2200241 4500
001 - KONTROL NUMARASI
Denetim Alanı 21294
003 - KONTROL NUMARASI IDENTIFIER
Denetim Alanı MIRAKIL
005 - SON İŞLEM TARİHİ VE ZAMANI
Denetim Alanı 20181213155141.0
008 - SABİT-BOY VERİ ELEMANLARI - GENEL BİLGİLER
Sabit Uzunlukta Kontrol Alanı 170203b tu 000 0
020 ## - ULUSLARARASI STANDART KİTAP NUMARASI
Uluslararası Standart Kitap Numarası 9786051650029
040 ## - KATALOGLAMA KAYNAK
Orijinal Kataloglama Ajansı Milas
Kataloglama Dili tur
Metne Dönüştürmek Ajansı TR-AnCHP
041 ## - DİL KODU
Metin / Ses Parça Veya Ayrı Başlığın Dil Kodu tur
082 ## - DEWEY ONLU SINIFLANDIRMA NUMARASI
Sınıflandırma Numarası 615.19
Ürün Numarası T96 2014
090 ## - SINIFLAMA NUMARASI
Sınıflama Numarası 615.19 T96 2014
245 ## - BAŞLIK TABLOSU
Başlık Türkiye ilaç sanayii sürdürülebilir büyüme önerileri
Sorumluluk Tablosu, Vb TÜSİAD
260 ## - YAYIN, DAĞITIM, VB
Yayın, Dağıtım, Vb Yeri İstanbul
Yayıncı, Dağıtıcı, Vs Adı TÜSİAD
Yayın, Dağıtım, Vb Tarihi 2014
Üretici Firma Sis matbaacılık
300 ## - FİZİKSEL TANIM
Kapsam 58 s.
Diğer Fiziksel Ayrıntıları tbl. ; grf.
Boyutlar 30 sm.
490 ## - SERİSİ TABLOSU
Seri Beyanı TÜSİAD - T
Hacim / Ardışık Tanımı 2014-06522
504 ## - KAYNAKÇA VB NOT
Kaynakça Vb Notu Kaynakça var.
650 ## - KONU KATMA GİRİŞ - TOPİKAL DÖNEM
Topikal Süreli Veya Coğrafi Ad Giriş Elemanı İlaç sanayi
Genel Alt Bölümü Raporlar
710 ## - KATMA GİRİŞ - KURUMSAL ADI
Giriş Elemanı Olarak Kurumsal Ad Veya Yargı Alanı Adı Türk Sanayicileri ve İşadamları Derneği (TÜSİAD)
942 ## - EKLENDİ GİRİŞ ELEMANLARI (KOHA)
Sınıflandırma Veya Raf Düzeni Kaynak Dewey Decimal Classification
Koha Öğesi Türü Kitaplar
999 ## - SİSTEM KONTROL NUMARALARI (KOHA)
Koha Biblionumber 7515
Koha Biblioitemnumber 7515
Mevcut
Kalıcı Konum Mevcut Konum Edinme Tarihi Edinim Kaynak Toplam Check-Out'Lar Tam Çağrı Numarası Barkod Tarih Son Görülme İtibaren Geçerli Fiyatlar Koha Öğesi Türü
CHP Kütüphanesi CHP Kütüphanesi 02/03/2017 Bağış   615.19 T96 2014 012228 02/03/2017 02/03/2017 Kitaplar